Perception of the environment with special reference to the urban environment: a select bibliography.

Saved in:
Bibliographic Details
Main Author: Johnson, Susan
Format: Book
Language:English
Published: London, Greater London Council, Department of Planning and Transportation, Research Library, 1972.
Series:Research bibliography (Greater London Council. Research Library) ; no. 36.
Subjects:
LEADER 01243nam a2200277 4500
001 c000143547
003 CARM
005 00000000000000.0
008 740521s1972 enk b l00000 eng
015 |a GB73-18334 
019 1 |a 732234  |5 LACONCORD2021 
035 |a (OCoLC)923209  |5 LACONCORD2021 
050 0 0 |a Z6004.C5  |b J64 
100 1 |a Johnson, Susan. 
245 1 0 |a Perception of the environment with special reference to the urban environment:  |b a select bibliography. 
260 |a London,  |b Greater London Council, Department of Planning and Transportation, Research Library,  |c 1972. 
300 |a [2], 8 p.  |c 30 cm. 
490 1 |a [Greater London Council. Planning and Transportation Department. Research Library] Research bibliography, no. 36 
650 0 |a Cities and towns  |x Bibliography. 
650 0 |a Environmental psychology  |x Bibliography. 
650 0 |a Urban ecology  |x Bibliography. 
830 0 |a Research bibliography (Greater London Council. Research Library) ;  |v no. 36. 
852 8 |b CARM  |h A2:AQ15C0  |i D04372  |p 0190265  |f BK 
082 0 4 |a 016.30131 
999 f f |i c41d323e-3fa6-5b33-932a-e8e20e0ae883  |s 331658dd-f795-5d9a-a01a-1b9f8851c4bc 
952 f f |p Can circulate  |a CAVAL  |b CAVAL  |c CAVAL  |d CARM 1 Store  |e D04372  |f A2:AQ15C0  |h Other scheme  |i book  |m 0190265